Western political thought / (Record no. 37543)

MARC details
000 -LEADER
fixed length control field 00731nam a22002057a 4500
005 - DATE AND TIME OF LATEST TRANSACTION
control field 2010072408548.0
010 ## - LCCN (DPL NO)
LC control number ENG-96557
020 ## - INTERNATIONAL STANDARD BOOK NUMBER
International Standard Book Number 9788189937447
Terms of availability 795.00
035 ## - SYSTEM CONTROL NUMBER
System control number EN-80090
037 ## - SOURCE OF ACQUISITION
Source of stock number/acquisition DBAD/PUB
082 ## - DEWEY DECIMAL CLASSIFICATION NUMBER
Classification number 320.9
100 ## - MAIN ENTRY--PERSONAL NAME
Personal name Dhariwal, Umesh, K.
245 ## - TITLE STATEMENT
Title Western political thought /
Statement of responsibility, etc by Umesh K. Dhariwal
260 ## - PUBLICATION, DISTRIBUTION, ETC. (IMPRINT)
Place of publication, distribution, etc New Delhi
Name of publisher, distributor, etc Arise Publishers and Distributors
Date of publication, distribution, etc 2008
270 ## - ADDRESS
Address 4648/1, 21, Ansari Road, Darya Ganj, New Delhi-110002
City New Delhi
300 ## - PHYSICAL DESCRIPTION
Extent 304p.
Dimensions 22cm (Hb)
500 ## - GENERAL NOTE
General note Includes bibliography and index
942 ## - ADDED ENTRY ELEMENTS (KOHA)
Source of classification or shelving scheme Dewey Decimal Classification
Item type English Books
Call number suffix DHA
Classification part 320.9
Holdings
Withdrawn status Lost status Not for loan Collection code Home library Current library Date acquired Source of acquisition Cost, normal purchase price Full call number Barcode Copy number Cost, replacement price Koha item type
    Not For Loan Non-fiction D.B.Act.Division D.B.Act.Division 24/07/2010 DBAD/PUB 795.00 DHA EN-80090 1 795.00 English Books

© Delhi Public Library
Hit Counter
free hit counter